Guess the Louis Tomlinson song with no hints #8 - Statistics

General Stats
  • This quiz has been taken 73 times
  • The average score is 181 of 260
Answer Stats
Answer % Correct
a
100%
I
100%
you
100%
You
100%
the
97%
me
91%
to
91%
We
91%
we
91%
your
91%
an
89%
on
89%
be
86%
can
86%
my
86%
for
83%
hear
83%
If
83%
is
83%
it
83%
see
83%
in
80%
that,
80%
that
80%
what
80%
who
80%
don't
77%
So,
77%
Where
77%
all
74%
All
74%
I'm
74%
not
74%
I'll
71%
this
71%
way
71%
but
69%
did
69%
it's
69%
know
69%
say
69%
There
69%
time
69%
wanna
69%
Where
69%
from
66%
we're
66%
were
66%
You'll
66%
at
63%
At
63%
every
63%
eye
63%
goin'
63%
need
63%
now
63%
now,
63%
right
63%
sky
63%
some
63%
talk
63%
with
63%
about
60%
angels
60%
Angels
60%
fly
60%
okay,
60%
only
60%
went
60%
where
60%
borrow
57%
feel
57%
make
57%
There's
57%
High
54%
sayin'
54%
star
54%
tomorrow
54%
wait
54%
wrong
54%
Does
51%
Nothin'
51%
till
51%
door,
49%
It'll
49%
it'll
49%
knock
49%
mornin'
49%
save
49%
callin'
46%
won't
46%
word,
46%
worse
46%
empty
43%
Look
43%
really
43%
anymore
40%
hurts
40%
bottle
37%
matters
37%
pain
37%
Put
37%
small?
37%
behind
34%
horizon
34%
problems
34%
bottom,
29%
drained
29%
No matching quizzes found
Score Distribution
Percent of People with Each Score
Percentile by Number Answered
Your Score History
You have not taken this quiz